| 000 | 00570nam a22001817a 4500 | ||
|---|---|---|---|
| 999 |
_c30931 _d30931 |
||
| 008 | 210209b ||||| |||| 00| 0 eng d | ||
| 020 | _a9788125938477 | ||
| 020 | _a 8125938478 | ||
| 050 |
_aLC191.8.I5 _bA34 2020 |
||
| 100 | _aAggarwal J C | ||
| 245 |
_aTheory and principles of education/ _cJ C Aggarwal |
||
| 250 | _a13th ed. | ||
| 260 |
_aNew Delhi : _bVikas, _c2010. |
||
| 300 |
_ax, 518 p. : _bill. ; _c 24 cm |
||
| 650 |
_aEducation _x Philosophy. |
||
| 650 |
_aEducational sociology _zIndia |
||
| 942 |
_2lcc _cBOOKS _hLC 191.8. I5 .A34 2020 |
||